Lyrics to 'The Gambler' by fun. - Statistics

General Stats
  • This quiz has been taken 10 times
  • The average score is 137 of 375
Answer Stats
Answer % Correct
a
75%
know
75%
to
75%
when
75%
you
75%
You
75%
away
63%
got
63%
on
63%
the
63%
he
50%
He
50%
her
50%
never
50%
now
50%
we
50%
We
50%
your
50%
and
38%
And
38%
are
38%
at
38%
be
38%
beg
38%
blue
38%
die
38%
don't
38%
down
38%
even
38%
eye
38%
eyes
38%
For
38%
for
38%
gray
38%
had
38%
has
38%
have
38%
hearts
38%
I
38%
if
38%
in
38%
into
38%
It
38%
it
38%
leave
38%
left
38%
like
38%
love
38%
me
38%
not
38%
of
38%
once
38%
only
38%
she
38%
She
38%
sight
38%
skies
38%
Slow
38%
So
38%
so
38%
sun
38%
them
38%
Then
38%
they
38%
up
38%
warm
38%
was
38%
were
38%
we're
38%
will
38%
All
25%
all
25%
always
25%
Arizona
25%
asked
25%
babies
25%
barely
25%
believes
25%
bloomed
25%
but
25%
But
25%
buy
25%
calls
25%
can
25%
care
25%
cold
25%
collective
25%
complained
25%
crossed
25%
dance
25%
daughter
25%
day
25%
eighteen
25%
eighty
25%
ever
25%
everyone
25%
everything
25%
father
25%
fields
25%
fifty
25%
flower
25%
flowers
25%
from
25%
frozen
25%
garden
25%
get
25%
good
25%
granted
25%
grow
25%
grown
25%
hand
25%
handed
25%
he's
25%
him
25%
hope
25%
is
25%
it's
25%
just
25%
kids
25%
knew
25%
lazy
25%
live
25%
lonely
25%
look
25%
lost
25%
lovers
25%
man
25%
mother
25%
move
25%
moved
25%
my
25%
night
25%
nothing
25%
our
25%
out
25%
over
25%
pardon
25%
put
25%
romance
25%
rose
25%
save
25%
say
25%
second
25%
sees
25%
shop
25%
should
25%
side
25%
six
25%
son
25%
spend
25%
stops
25%
swear
25%
take
25%
takes
25%
that
25%
that's
25%
think
25%
thinks
25%
this
25%
though
25%
til
25%
Til
25%
time
25%
took
25%
turned
25%
until
25%
waking
25%
we've
25%
We've
25%
what
25%
winter
25%
won't
25%
work
25%
Works
25%
years
25%
ago
13%
beside
13%
come
13%
coming
13%
curse
13%
decide
13%
doctors
13%
dogs
13%
feed
13%
fire
13%
here
13%
home
13%
I'll
13%
kiss
13%
life
13%
make
13%
nearly
13%
ours
13%
quit
13%
set
13%
swore
13%
table
13%
thirty
13%
tried
13%
you'd
13%
No matching quizzes found
Score Distribution
Percent of People with Each Score
Percentile by Number Answered
Your Score History
You have not taken this quiz